000 00454nam a2200181Ia 4500
008 240925s9999 xx 000 0 und d
020 _a9789386858733
082 _a658.4092 DUB
100 _aDubrin, Andrew J.
245 0 _aPrinciples of Leadership
250 _a7th
260 _aNew Delhi:
_bCengage Learning
_c,2013.
300 _a348p.
_b0
_fOriginal
500 _aIncludes Index
600 _aManagement
650 _aManagement
942 _cBK
999 _c16582
_d16582